[Event "Recife Arraes Memorial 11th"]
[Site "Recife"]
[Date "2018.07.29"]
[Round "6"]
[White "Martins, Vinicius Tine"]
[Black "Zaidan Lima, Allan Gadelha"]
[Result "1-0"]
[WhiteElo "2294"]
[BlackElo "2017"]
[PlyCount "61"]
[EventDate "2018.07.27"]
[EventType "swiss"]
[EventRounds "6"]
[EventCountry "BRA"]
[SourceTitle "CBM 186 Extra"]
[Source "ChessBase"]
[SourceDate "2018.08.24"]
[SourceVersion "1"]
[SourceVersionDate "2018.08.24"]
[SourceQuality "1"]

1. e4 e5 2. Nf3 Nc6 3. Bb5 a6 4. Ba4 Nf6 5. d3 b5 6. Bb3 Be7 7. 0-0 d6 8. c3 0-0 9. Re1 Na5 10. Bc2 c5 11. Nbd2 Bg4 12. Qe2 Qc7 13. h3 Bh5 14. Nf1 Bg6 15. Ng3 Rfe8 16. Nh4 c4 17. Nxg6 hxg6 18. d4 Nc6 19. Be3 Nd7 20. Rad1 Nb6 21. f4 Bf6 22. Qg4 b4 23. h4 Qc8 24. f5 gxf5 25. Nxf5 Ne7 26. dxe5 Bxe5 27. Bh6 bxc3 28. b3 Nc6 29. bxc4 Nb4 30. Bb3 c2 31. Rxd6 1-0

[Event "Maceio Alagoano op"]
[Site "Maceio"]
[Date "2015.12.08"]
[Round "7"]
[White "Zaidan Lima, Allan Gadelha"]
[Black "Galvao, Joao Paulo de Freit"]
[Result "1/2-1/2"]
[WhiteElo "2151"]
[BlackElo "1857"]
[PlyCount "108"]
[EventDate "2015.12.05"]
[EventType "swiss"]
[EventRounds "7"]
[EventCountry "BRA"]
[SourceTitle "CBM 170 Extra"]
[Source "ChessBase"]
[SourceDate "2016.02.25"]
[SourceVersion "1"]
[SourceVersionDate "2016.02.25"]
[SourceQuality "1"]

1. e4 e6 2. d4 d5 3. Nd2 Nf6 4. e5 Nfd7 5. Bd3 c5 6. c3 Nc6 7. Ne2 cxd4 8. cxd4 Qb6 9. Nf3 Nb4 10. Bb1 Be7 11. 0-0 Qc7 12. a3 Nc6 13. Nc3 a6 14. Re1 b5 15. Bg5 Nb6 16. Bxe7 Qxe7 17. b4 Bb7 18. Qd3 g6 19. Nd2 Nc4 20. Nxc4 bxc4 21. Qd2 Qh4 22. Rd1 0-0 23. g3 Qe7 24. Bc2 Rfb8 25. h4 h5 26. Qh6 Qf8 27. Qg5 Qe7 28. Qh6 Qf8 29. Qf4 Qe7 30. f3 Kg7 31. Kg2 Rh8 32. Ba4 Na7 33. Rdb1 Bc6 34. Bc2 Nb5 35. Qd2 Ra7 36. a4 Nxc3 37. Qxc3 Rb8 38. Rb2 Rab7 39. Rab1 Qd7 40. Qa3 Qe7 41. Qc3 Qd7 42. Ra1 Qe7 43. Rab1 Qd7 44. a5 Qe7 45. Qd2 Be8 46. Kf2 Bb5 47. Qc3 Qd7 48. Ke1 Qe7 49. Qe3 Bc6 50. Qd2 Bb5 51. Kf2 Be8 52. Qc3 Bb5 53. Rh1 Be8 54. Rhb1 Bb5 1/2-1/2

[Event "Recife Arraes Memorial 7th"]
[Site "Recife"]
[Date "2014.08.31"]
[Round "5"]
[White "Zaidan Lima, Allan Gadelha"]
[Black "Baltar, Petrov Ferreira"]
[Result "0-1"]
[WhiteElo "2023"]
[BlackElo "1812"]
[PlyCount "94"]
[EventDate "2014.08.29"]
[EventType "swiss"]
[EventRounds "6"]
[EventCountry "BRA"]
[SourceTitle "EXT 2015"]
[Source "ChessBase"]
[SourceDate "2014.11.20"]
[SourceVersion "1"]
[SourceVersionDate "2014.11.20"]
[SourceQuality "1"]

1. d4 Nf6 2. c4 g6 3. Nc3 Bg7 4. e4 d6 5. Nf3 0-0 6. Be2 e5 7. 0-0 Nc6 8. d5 Ne7 9. Ne1 Nd7 10. Nd3 b6 11. Be3 f5 12. f3 f4 13. Bf2 g5 14. b4 Ng6 15. c5 Nf6 16. Rc1 Rf7 17. Nb2 h5 18. Nc4 Bf8 19. Qb3 g4 20. Rfd1 Kg7 21. Kf1 h4 22. Bg1 h3 23. gxh3 gxf3 24. Bxf3 Bxh3+ 25. Bg2 Bxg2+ 26. Kxg2 Nh4+ 27. Kh1 Ng4 28. cxd6 cxd6 29. Qc2 Kh6 30. Rf1 Qg5 31. Ne3 f3 32. Nxg4+ Qxg4 33. Be3+ Kh7 34. Rg1 Ng2 35. Qf2 Qh3 36. Bd2 Be7 37. Ne2 Bh4 38. Ng3 Rg8 39. Rxg2 fxg2+ 40. Qxg2 Qg4 41. Rg1 Bxg3 42. hxg3 Kg6 43. Rc1 Rh8+ 44. Kg1 Rf3 45. Be1 Qxe4 46. Qc2 Rd3 47. Qg2 Qe3+ 0-1

[Event "Recife Arraes Memorial 7th"]
[Site "Recife"]
[Date "2014.08.29"]
[Round "1"]
[White "Zaidan Lima, Allan Gadelha"]
[Black "Silva, Marcelo Valeriano"]
[Result "1-0"]
[WhiteElo "2023"]
[BlackElo "1800"]
[PlyCount "109"]
[EventDate "2014.08.29"]
[EventType "swiss"]
[EventRounds "6"]
[EventCountry "BRA"]
[SourceTitle "EXT 2015"]
[Source "ChessBase"]
[SourceDate "2014.11.20"]
[SourceVersion "1"]
[SourceVersionDate "2014.11.20"]
[SourceQuality "1"]

1. e4 e5 2. Nf3 Nc6 3. Bb5 d6 4. d4 exd4 5. Nxd4 Bd7 6. Nc3 Nf6 7. f3 Nxd4 8. Bxd7+ Qxd7 9. Qxd4 h6 10. Be3 Be7 11. 0-0-0 0-0 12. g4 Qe6 13. g5 hxg5 14. Bxg5 Qe5 15. Qd2 Nh5 16. Bxe7 Qxe7 17. Nd5 Qe6 18. Qg5 g6 19. Rhg1 Kh7 20. Kb1 Qh3 21. Ne7 Rae8 22. Nxg6 Rg8 23. Nf4 Rxg5 24. Nxh3 Rxg1 25. Rxg1 f6 26. Kc1 Re5 27. Nf2 Nf4 28. Kd2 f5 29. Nd3 Nxd3 30. cxd3 fxe4 31. dxe4 d5 32. Ke3 c5 33. Kf4 Rh5 34. Rg2 d4 35. e5 Rh6 36. Kf5 Rh3 37. Ke4 b6 38. e6 Rh6 39. Kd5 Rg6 40. e7 Rxg2 41. e8Q Rg7 42. Qe4+ Kg8 43. b3 Kf8 44. f4 Re7 45. Qf5+ Ke8 46. Qc8+ Kf7 47. Qf5+ Ke8 48. Qg6+ Kd8 49. Kc4 Rd7 50. Kd3 Re7 51. f5 Kd7 52. f6 Re3+ 53. Kd2 Ke6 54. f7+ Ke7 55. Qg8 1-0

[Event "Maceio Alagoano-ch 40th"]
[Site "Maceio"]
[Date "2014.08.24"]
[Round "5"]
[White "Da Silva, Jorge Luiz Lopes"]
[Black "Zaidan Lima, Allan Gadelha"]
[Result "1/2-1/2"]
[WhiteElo "1894"]
[BlackElo "2079"]
[PlyCount "148"]
[EventDate "2014.08.23"]
[EventType "swiss"]
[EventRounds "6"]
[EventCountry "BRA"]
[SourceTitle "EXT 2016"]
[Source "ChessBase"]
[SourceDate "2015.10.08"]
[SourceVersion "1"]
[SourceVersionDate "2015.10.08"]
[SourceQuality "1"]

1. e4 e5 2. Nf3 Nc6 3. d4 exd4 4. Nxd4 Bc5 5. Be3 Qf6 6. c3 Nge7 7. Nc2 Bb6 8. Bxb6 axb6 9. Be2 0-0 10. 0-0 d6 11. Nd2 Be6 12. a3 d5 13. Bg4 Rad8 14. Qe2 Rfe8 15. f4 Bxg4 16. Qxg4 d4 17. e5 Qf5 18. Qxf5 Nxf5 19. cxd4 Nfxd4 20. Nxd4 Rxd4 21. Rf2 Red8 22. Nf1 Rd3 23. Rc1 Kf8 24. Rfc2 Nd4 25. Rf2 c5 26. Ng3 g6 27. Re1 Nf5 28. Ne4 h5 29. Rfe2 Ke7 30. Rc2 Nd4 31. Rf2 Nf5 32. Rfe2 h4 33. Rc1 h3 34. g3 Nd4 35. Rf2 Nf3+ 36. Kf1 Nd2+ 37. Nxd2 Rxd2 38. Rc2 Rd1+ 39. Ke2 Rg1 40. Kf3 Ke6 41. Kg4 f6 42. exf6 Kxf6 43. Rfe2 Rg2 44. Kxh3 Rxe2 45. Rxe2 b5 46. Kg4 Rd4 47. h4 Rd3 48. Kh3 Rb3 49. Kg2 b4 50. axb4 Rxb4 51. Rd2 b6 52. Kf3 Rb3+ 53. Kg4 Ke6 54. Rg2 Kf6 55. h5 gxh5+ 56. Kxh5 Kf5 57. Kh4 Re3 58. Rf2 c4 59. g4+ Kf6 60. Rd2 b5 61. Rd5 Rb3 62. g5+ Ke6 63. Re5+ Kf7 64. Re2 b4 65. Kg4 c3 66. bxc3 Rxc3 67. Re5 Rb3 68. Kf5 Rb1 69. Rb5 b3 70. Rb7+ Ke8 71. Kf6 b2 72. g6 Rf1 73. Rb8+ Kd7 74. Rxb2 Rxf4+ 1/2-1/2

[Event "Maceio Alagoano-ch 40th"]
[Site "Maceio"]
[Date "2014.08.23"]
[Round "2"]
[White "Zaidan Lima, Allan Gadelha"]
[Black "Ferreira, Rafael Emiliano"]
[Result "1-0"]
[WhiteElo "2079"]
[BlackElo "1858"]
[PlyCount "73"]
[EventDate "2014.08.23"]
[EventType "swiss"]
[EventRounds "6"]
[EventCountry "BRA"]
[SourceTitle "EXT 2016"]
[Source "ChessBase"]
[SourceDate "2015.10.08"]
[SourceVersion "1"]
[SourceVersionDate "2015.10.08"]
[SourceQuality "1"]

1. e4 g6 2. d4 Bg7 3. Nc3 d6 4. f4 Nf6 5. Nf3 Bg4 6. Be2 0-0 7. Be3 Nbd7 8. h3 Bxf3 9. Bxf3 e5 10. Qd2 Qe7 11. 0-0-0 Nb6 12. Qe2 a5 13. g4 a4 14. g5 Nfd7 15. f5 f6 16. fxg6 hxg6 17. h4 a3 18. b3 d5 19. Nxd5 Nxd5 20. exd5 e4 21. Bg2 f5 22. Bf4 Qb4 23. Rh3 Bxd4 24. h5 Bb2+ 25. Kb1 Qb6 26. d6 Qa6 27. c4 Kg7 28. hxg6 Rh8 29. Rdh1 Kxg6 30. Rh6+ Rxh6 31. Rxh6+ Kg7 32. Qh5 Nf8 33. g6 Qa5 34. Qh4 Re8 35. d7 Nxd7 36. Rh7+ Kg8 37. Rh8+ 1-0

[Event "Maceio-ch"]
[Site "Maceio"]
[Date "2014.08.??"]
[Round "2"]
[White "Azevedo de Carvalho, Antonio"]
[Black "Zaidan Lima, Allan Gadelha"]
[Result "1/2-1/2"]
[WhiteElo "2119"]
[BlackElo "2023"]
[PlyCount "90"]
[EventDate "2014.08.23"]
[EventType "swiss"]
[EventRounds "5"]
[EventCountry "BRA"]
[SourceTitle "EXT 2022"]
[Source "ChessBase"]
[SourceDate "2021.10.06"]
[SourceVersion "1"]
[SourceVersionDate "2021.10.06"]
[SourceQuality "1"]

1. e4 c5 2. c3 g6 3. Nf3 Bg7 4. d4 cxd4 5. cxd4 d5 6. e5 Bg4 7. Nc3 Nc6 8. Be2 Nh6 9. 0-0 0-0 10. h3 Bxf3 11. Bxf3 e6 12. b3 Nf5 13. Ne2 f6 14. exf6 Qxf6 15. Be3 Nfxd4 16. Nxd4 Nxd4 17. Bxd4 Qxd4 18. Qxd4 Bxd4 19. Rae1 Kf7 20. Re2 Rac8 21. Rfe1 Rc6 22. Rd1 Bg7 23. g3 Rfc8 24. Rde1 Rd6 25. Bg4 Rcc6 26. Bf3 e5 27. Rd1 e4 28. Bg2 g5 29. f3 exf3 30. Bxf3 Rc5 31. Bh5+ Rg6 32. Rf1+ Bf6 33. Bxg6+ hxg6 34. Ref2 Rc6 35. Kg2 Kg7 36. Rf3 b6 37. R1f2 a5 38. Re2 Rc1 39. Re6 Bd4 40. Re7+ Kg8 41. Rff7 Rc2+ 42. Kf1 Rxa2 43. Rb7 Rb2 44. Rfd7 Rf2+ 45. Ke1 Rf6 1/2-1/2

[Event "Recife Arraes Memorial 6th"]
[Site "Recife"]
[Date "2013.06.09"]
[Round "6"]
[White "Lunelli, Neuri Antonio"]
[Black "Zaidan Lima, Allan Gadelha"]
[Result "1/2-1/2"]
[WhiteElo "1886"]
[BlackElo "2019"]
[PlyCount "106"]
[EventDate "2013.06.06"]
[EventType "swiss"]
[EventRounds "7"]
[EventCountry "BRA"]
[SourceTitle "EXT 2014"]
[Source "ChessBase"]
[SourceDate "2013.11.20"]
[SourceVersion "1"]
[SourceVersionDate "2013.11.20"]
[SourceQuality "1"]

1. d4 d5 2. e3 Nf6 3. Bd3 c5 4. c3 Nc6 5. f4 Bg4 6. Nf3 e6 7. 0-0 Be7 8. Nbd2 0-0 9. Qe1 c4 10. Bc2 Bf5 11. e4 dxe4 12. Nxe4 Nxe4 13. Bxe4 Bxe4 14. Qxe4 Qd5 15. Qe2 Rfe8 16. Ne5 b5 17. Qf3 Nxe5 18. fxe5 Qxf3 19. gxf3 a5 20. a3 b4 21. axb4 axb4 22. Rxa8 Rxa8 23. Bd2 Ra2 24. Rb1 b3 25. Kg2 h6 26. f4 g5 27. Kf3 Kg7 28. Ke4 f5+ 29. exf6+ Kxf6 30. h3 Ra5 31. fxg5+ hxg5 32. Rf1+ Kg6 33. Be3 Ra2 34. Rb1 Ra5 35. Rg1 Kh5 36. Kf3 Rf5+ 37. Kg2 Bd6 38. Re1 g4 39. hxg4+ Kxg4 40. Bd2 Rf6 41. Re4+ Kf5 42. Re3 Rg6+ 43. Kf2 e5 44. dxe5 Bxe5 45. Rh3 Ke4 46. Re3+ Kd5 47. Rh3 Bd6 48. Be3 Ke4 49. Bd2 Be5 50. Be3 Bd6 51. Bd2 Rg3 52. Rxg3 Bxg3+ 53. Ke2 Bf4 1/2-1/2

[Event "Paraiban-ch op"]
[Site "Joao Pessoa"]
[Date "2011.08.07"]
[Round "5"]
[White "Zaidan Lima, Allan Gadelha"]
[Black "De Oliveira, Cledualdo Soares"]
[Result "1/2-1/2"]
[WhiteElo "2017"]
[BlackElo "2075"]
[PlyCount "112"]
[EventDate "2011.08.05"]
[EventType "swiss"]
[EventRounds "6"]
[EventCountry "BRA"]
[SourceTitle "EXT 2014"]
[Source "ChessBase"]
[SourceDate "2013.11.20"]
[SourceVersion "1"]
[SourceVersionDate "2013.11.20"]
[SourceQuality "1"]

1. e4 c5 2. Nf3 Nc6 3. d4 cxd4 4. Nxd4 Nf6 5. Nc3 e5 6. Ndb5 d6 7. Bg5 a6 8. Na3 b5 9. Nd5 Be7 10. Bxf6 Bxf6 11. Be2 0-0 12. c3 Bg5 13. 0-0 f5 14. Bf3 Rb8 15. Nc2 Ne7 16. Nce3 Bxe3 17. Nxe3 Be6 18. exf5 Nxf5 19. Nxf5 Bxf5 20. Qd5+ Kh8 21. Rfd1 Rf6 22. Rd2 Qb6 23. a4 Bc8 24. axb5 Bb7 25. Qd3 Bxf3 26. Rxa6 Qxb5 27. Qxb5 Rxb5 28. gxf3 Kg8 29. Raxd6 Rxd6 30. Rxd6 Rxb2 31. Rd7 Rc2 32. Rc7 h5 33. Kg2 Kh7 34. Re7 Rxc3 35. Rxe5 Kh6 36. f4 Rc4 37. Kg3 Rb4 38. Re6+ Kh7 39. f3 Rd4 40. f5 h4+ 41. Kf2 Rd2+ 42. Re2 Rd5 43. Re4 Rxf5 44. Rxh4+ Kg8 45. Kg3 Rg5+ 46. Rg4 Rh5 47. Rb4 Rg5+ 48. Kh4 Rg2 49. Kh3 Rg5 50. f4 Rh5+ 51. Kg3 Rc5 52. h4 Rc1 53. Kg4 Rg1+ 54. Kf5 Rh1 55. Kg6 Rg1+ 56. Kh5 Rf1 1/2-1/2

[Event "Paraiban-ch op"]
[Site "Joao Pessoa"]
[Date "2011.08.06"]
[Round "4"]
[White "Dantas, Francisco"]
[Black "Zaidan Lima, Allan Gadelha"]
[Result "0-1"]
[WhiteElo "1954"]
[BlackElo "2017"]
[PlyCount "72"]
[EventDate "2011.08.05"]
[EventType "swiss"]
[EventRounds "6"]
[EventCountry "BRA"]
[SourceTitle "EXT 2014"]
[Source "ChessBase"]
[SourceDate "2013.11.20"]
[SourceVersion "1"]
[SourceVersionDate "2013.11.20"]
[SourceQuality "1"]

1. Nf3 Nf6 2. g3 g6 3. Bg2 Bg7 4. 0-0 0-0 5. c4 d6 6. Nc3 c6 7. d4 Nbd7 8. e4 e5 9. d5 Nc5 10. Re1 cxd5 11. cxd5 a5 12. Bg5 Bd7 13. Qd2 b5 14. Bxf6 Bxf6 15. h3 b4 16. Nd1 Bg7 17. b3 f5 18. Nb2 Nxe4 19. Qe3 Nc5 20. Qe2 e4 21. Nh2 Bxb2 22. Qxb2 Nd3 23. Qd4 Nxe1 24. Rxe1 Qf6 25. Qb6 Rfb8 26. Qc7 Qc3 27. Rc1 Qxc7 28. Rxc7 Bb5 29. Bf1 Bxf1 30. Nxf1 Rc8 31. Re7 Rd8 32. Rc7 a4 33. bxa4 Rxa4 34. Rb7 Rxa2 35. Rxb4 Rc8 36. Ne3 Rc1+ 0-1

[Event "Maringa op"]
[Site "Maringa"]
[Date "2011.07.01"]
[Round "2"]
[White "Trois, Francisco R Torres"]
[Black "Zaidan Lima, Allan Gadelha"]
[Result "1-0"]
[WhiteElo "2289"]
[BlackElo "2015"]
[PlyCount "69"]
[EventDate "2011.06.30"]
[EventType "swiss"]
[EventRounds "7"]
[EventCountry "BRA"]
[SourceTitle "EXT 2014"]
[Source "ChessBase"]
[SourceDate "2013.11.20"]
[SourceVersion "1"]
[SourceVersionDate "2013.11.20"]
[SourceQuality "1"]

1. e4 c5 2. Nc3 Nc6 3. g3 g6 4. Bg2 Bg7 5. d3 e6 6. Be3 d6 7. Qd2 Rb8 8. f4 Nge7 9. Nf3 b6 10. d4 0-0 11. Rd1 Ba6 12. Kf2 Na5 13. b3 Qc7 14. d5 Rbd8 15. Rhe1 b5 16. dxe6 fxe6 17. Bh3 h6 18. Bxe6+ Kh7 19. Nd5 Nxd5 20. Bxd5 b4 21. Qc1 Rc8 22. Kg2 c4 23. Bd4 cxb3 24. cxb3 Qc2+ 25. Qd2 Bb7 26. Bxg7 Kxg7 27. Nd4 Qxd2+ 28. Rxd2 Rfe8 29. Ree2 Ba6 30. Re1 Rc3 31. Kf2 Nb7 32. Nc6 Nc5 33. Nxb4 Bd3 34. Re3 a5 35. Nxd3 1-0

[Event "Recife Arraes Memorial 4th"]
[Site "Recife"]
[Date "2011.06.05"]
[Round "6"]
[White "Segal, Alexandru Sorin"]
[Black "Zaidan Lima, Allan Gadelha"]
[Result "1/2-1/2"]
[WhiteElo "2168"]
[BlackElo "2015"]
[PlyCount "71"]
[EventDate "2011.06.02"]
[EventType "swiss"]
[EventRounds "7"]
[EventCountry "BRA"]
[SourceTitle "EXT 2012"]
[Source "ChessBase"]
[SourceDate "2011.11.24"]
[SourceVersion "1"]
[SourceVersionDate "2011.11.24"]
[SourceQuality "1"]

1. e4 c5 2. Nf3 a6 3. c4 Nc6 4. Nc3 d6 5. d4 cxd4 6. Nxd4 Nf6 7. Be2 g6 8. Be3 Bg7 9. 0-0 0-0 10. Rc1 Bd7 11. h3 Nxd4 12. Bxd4 Bc6 13. Bf3 Rc8 14. Qd3 Qa5 15. a3 Qg5 16. Rfd1 Bd7 17. Be3 Qh4 18. Qd2 h6 19. b3 g5 20. Nd5 Nxd5 21. Qxd5 Bc6 22. Qd3 f5 23. g3 Qxh3 24. Bg2 Qxg2+ 25. Kxg2 Bxe4+ 26. Qxe4 fxe4 27. a4 Be5 28. Rd5 e6 29. Rdd1 Rcd8 30. Bb6 Rd7 31. b4 Rdf7 32. Rc2 Rf3 33. Re2 Rd3 34. Rxd3 exd3 35. Re3 Rc8 36. c5 1/2-1/2

[Event "Maceio op"]
[Site "Maceio"]
[Date "2011.05.29"]
[Round "6"]
[White "Zaidan Lima, Allan Gadelha"]
[Black "Miranda Neto, Jayme Amorim"]
[Result "0-1"]
[WhiteElo "2015"]
[BlackElo "2070"]
[PlyCount "74"]
[EventDate "2011.05.26"]
[EventType "swiss"]
[EventRounds "7"]
[EventCountry "BRA"]
[SourceTitle "EXT 2012"]
[Source "ChessBase"]
[SourceDate "2011.11.24"]
[SourceVersion "1"]
[SourceVersionDate "2011.11.24"]
[SourceQuality "1"]

1. e4 c5 2. Nf3 d6 3. d4 cxd4 4. Nxd4 Nf6 5. Nc3 a6 6. Be2 e5 7. Nb3 Be6 8. Be3 Qc7 9. 0-0 Be7 10. a4 Nbd7 11. a5 Rc8 12. f4 0-0 13. Kh1 Qc6 14. Bf3 Rfd8 15. Qd2 Nc5 16. Nxc5 dxc5 17. Qf2 Qc7 18. Qg3 Bd6 19. f5 Bd7 20. Bg5 Be7 21. Bxf6 Bxf6 22. Nd5 Qc6 23. c4 Re8 24. Rfd1 Rcd8 25. Qf2 Be7 26. Qg3 Kh8 27. Qf2 Bf8 28. g4 Qc8 29. Nb6 Qc7 30. Nd5 Qc8 31. Rd3 Bc6 32. Rad1 Bxd5 33. Rxd5 Qc7 34. Qd2 Rxd5 35. Qxd5 Re7 36. g5 Qxa5 37. Bg4 Qb6 0-1

[Event "Maceio"]
[Site "Maceio"]
[Date "2010.03.20"]
[Round "7"]
[White "De Souza, Rafael Cabral"]
[Black "Zaidan Lima, Allan Gadelha"]
[Result "1-0"]
[WhiteElo "2041"]
[BlackElo "2035"]
[PlyCount "59"]
[EventDate "2010.03.12"]
[EventType "tourn"]
[EventRounds "11"]
[EventCountry "BRA"]
[SourceTitle "EXT 2011"]
[Source "ChessBase"]
[SourceDate "2010.11.26"]
[SourceVersion "1"]
[SourceVersionDate "2010.11.26"]
[SourceQuality "1"]

1. d4 Nf6 2. c4 g6 3. Nc3 Bg7 4. e4 d6 5. Be3 0-0 6. Nf3 Nbd7 7. Qd2 e5 8. d5 a5 9. Bd3 Nc5 10. 0-0 Ne8 11. a3 Bg4 12. Ne1 f5 13. f3 Bh5 14. Bh6 Bxh6 15. Qxh6 f4 16. Bc2 Nf6 17. Nd3 Nxd3 18. Bxd3 Kh8 19. Qg5 Qd7 20. b4 axb4 21. axb4 Rxa1 22. Rxa1 Ne8 23. Qh4 Qf7 24. c5 dxc5 25. bxc5 Qf6 26. Qxf6+ Rxf6 27. Ra7 b6 28. cxb6 Rxb6 29. Ra8 g5 30. Bb5 1-0

[Event "Maceio"]
[Site "Maceio"]
[Date "2010.03.14"]
[Round "5"]
[White "Zaidan Lima, Allan Gadelha"]
[Black "Ferreira, Rafael Emiliano"]
[Result "0-1"]
[WhiteElo "2035"]
[BlackElo "1842"]
[PlyCount "118"]
[EventDate "2010.03.12"]
[EventType "tourn"]
[EventRounds "11"]
[EventCountry "BRA"]
[SourceTitle "EXT 2011"]
[Source "ChessBase"]
[SourceDate "2010.11.26"]
[SourceVersion "1"]
[SourceVersionDate "2010.11.26"]
[SourceQuality "1"]

1. e4 e6 2. d4 d5 3. Nc3 Nf6 4. e5 Nfd7 5. f4 c5 6. Nf3 b6 7. Be3 Ba6 8. Bxa6 Nxa6 9. 0-0 c4 10. f5 Be7 11. fxe6 fxe6 12. Ng5 Bxg5 13. Qh5+ g6 14. Qxg5 Qxg5 15. Bxg5 h6 16. Bf6 Rf8 17. Bg7 Rxf1+ 18. Rxf1 h5 19. Nb5 Ke7 20. Nd6 Rg8 21. Rf7+ Kd8 22. Bf6+ Nxf6 23. exf6 Nc7 24. Kf2 a6 25. Rg7 Rf8 26. f7 Ke7 27. Rg8 Nb5 28. Rxf8 Kxf8 29. Nxb5 axb5 30. h4 b4 31. Ke3 Kxf7 32. Kf4 Kf6 33. a4 b3 34. c3 Kf7 35. Ke5 Ke7 36. g3 Kf7 37. Kd6 Kf6 38. Kc6 Kf5 39. Kxb6 e5 40. Kc5 e4 41. a5 e3 42. a6 e2 43. a7 e1Q 44. a8Q Qe7+ 45. Kb5 Ke4 46. Qc6 Qf7 47. Qd6 Kd3 48. Kc5 Kc2 49. Qe5 Kxb2 50. Qe1 Qf5 51. Kb4 Qc2 52. Qe3 Ka2 53. Qe8 b2 54. Qa8+ Kb1 55. Qxd5 Kc1 56. Qg5+ Qd2 57. Qxg6 b1Q+ 58. Qxb1+ Kxb1 59. Kxc4 Kc2 0-1

[Event "Agua Preta op"]
[Site "Agua Preta"]
[Date "2009.09.07"]
[Round "6.6"]
[White "De Moura, Sergio Jovelino"]
[Black "Zaidan Lima, Allan Gadelha"]
[Result "1-0"]
[WhiteElo "2137"]
[BlackElo "2035"]
[PlyCount "55"]
[EventDate "2009.09.04"]
[EventType "swiss"]
[EventRounds "6"]
[EventCountry "BRA"]
[SourceTitle "EXT 2022"]
[Source "ChessBase"]
[SourceDate "2021.10.06"]
[SourceVersion "1"]
[SourceVersionDate "2021.10.06"]
[SourceQuality "1"]

1. e4 c5 2. Nf3 d6 3. d4 cxd4 4. Nxd4 Nf6 5. Nc3 a6 6. Bc4 e6 7. Bb3 Be7 8. f4 Nc6 9. Be3 Qc7 10. 0-0 0-0 11. Qf3 b5 12. a3 Na5 13. g4 Nxb3 14. cxb3 Bb7 15. g5 Nd7 16. Rac1 Qd8 17. Qh5 Re8 18. f5 g6 19. fxg6 hxg6 20. Qh4 Bf8 21. Rf3 Bg7 22. Rh3 Kf8 23. Rf1 Ne5 24. Nf3 Nxf3+ 25. Rhxf3 Re7 26. Qh7 Qe8 27. Rf6 Rd7 28. Rxg6 1-0

[Event "Agua Preta op"]
[Site "Agua Preta"]
[Date "2009.09.06"]
[Round "4.11"]
[White "De Lima, Carlos Alexandre"]
[Black "Zaidan Lima, Allan Gadelha"]
[Result "0-1"]
[WhiteElo "1991"]
[BlackElo "2035"]
[PlyCount "54"]
[EventDate "2009.09.04"]
[EventType "swiss"]
[EventRounds "6"]
[EventCountry "BRA"]
[SourceTitle "EXT 2022"]
[Source "ChessBase"]
[SourceDate "2021.10.06"]
[SourceVersion "1"]
[SourceVersionDate "2021.10.06"]
[SourceQuality "1"]

1. e4 c5 2. Nf3 d6 3. d4 cxd4 4. Nxd4 Nf6 5. Nc3 a6 6. Bg5 e5 7. Nb3 Be7 8. Bd3 Nxe4 9. Bxe7 Nxc3 10. Qf3 Qxe7 11. bxc3 Nc6 12. 0-0 0-0 13. Rfe1 Be6 14. Re3 f5 15. Qh5 g6 16. Qh6 Qg7 17. Qh4 f4 18. Ree1 Ne7 19. Rad1 Rad8 20. c4 Nf5 21. Qh3 Qf7 22. Qf3 Nh4 23. Qe4 Bf5 24. Qe2 f3 25. Qd2 fxg2 26. Re3 Bxd3 27. Qxd3 Qxf2# 0-1